| 000 | 00000nas##2200000za#4500 |
| 001 | 9.500724 |
| 003 | CaOODSP |
| 005 | 20200421163017 |
| 007 | cr ||||||||||| |
| 008 | 150406c2003||||xxc|| p o||||f| |0fre|d |
| 040 | |aCaOODSP|bfre |
| 041 | |aeng |
| 041 | |afre |
| 043 | |an-cn--- |
| 086 | 1 |aNH1-2-PDF |
| 110 | 2 |aSociété canadienne d'hypothèques et de logement. |
| 245 | 10|aRapport annuel du régime de retraite de ... |h[ressource électronique] |
| 260 | |aOttawa - Ontario : |bSociété canadienne d'hypothèques et de logement |
| 310 | |aAnnuel |
| 362 | 1 |a[2003]- 2011 |
| 691 | 07|aPension|2gcpds |
| 791 | |tPension plan annual report |eeng|w(CaOODSP)9.500723 |